<?xml version="1.0" encoding="UTF-8"?>
<record
    xmlns:xsi="http://www.w3.org/2001/XMLSchema-instance"
    xsi:schemaLocation="http://www.loc.gov/MARC21/slim http://www.loc.gov/standards/marcxml/schema/MARC21slim.xsd"
    xmlns="http://www.loc.gov/MARC21/slim">

  <leader>00542nam a22001937a 4500</leader>
  <controlfield tag="005">20240828134845.0</controlfield>
  <controlfield tag="008">240828b        |||||||| |||| 00| 0 eng d</controlfield>
  <datafield tag="041" ind1=" " ind2=" ">
    <subfield code="a">eng</subfield>
  </datafield>
  <datafield tag="082" ind1=" " ind2=" ">
    <subfield code="2">1st</subfield>
    <subfield code="a">F 610.73069 TNA B11009</subfield>
    <subfield code="b">TNA</subfield>
  </datafield>
  <datafield tag="100" ind1=" " ind2=" ">
    <subfield code="a">TNAI India Pub.</subfield>
    <subfield code="9">208334</subfield>
  </datafield>
  <datafield tag="245" ind1=" " ind2=" ">
    <subfield code="a">Nursing Foundation Vol. I</subfield>
  </datafield>
  <datafield tag="250" ind1=" " ind2=" ">
    <subfield code="a">1st</subfield>
  </datafield>
  <datafield tag="260" ind1=" " ind2=" ">
    <subfield code="a">New Delhi</subfield>
    <subfield code="b">TNAI India</subfield>
    <subfield code="c">2023</subfield>
  </datafield>
  <datafield tag="300" ind1=" " ind2=" ">
    <subfield code="a">354p</subfield>
    <subfield code="b">Pb</subfield>
    <subfield code="c">28X21cm</subfield>
  </datafield>
  <datafield tag="365" ind1=" " ind2=" ">
    <subfield code="a">Rupaye</subfield>
    <subfield code="b">695.00</subfield>
    <subfield code="c">INR</subfield>
  </datafield>
  <datafield tag="440" ind1=" " ind2=" ">
    <subfield code="a">Nursing Foundation Vol. I</subfield>
    <subfield code="v">I</subfield>
    <subfield code="9">208335</subfield>
  </datafield>
  <datafield tag="521" ind1=" " ind2=" ">
    <subfield code="a">Nursing Foundation
TNA India</subfield>
  </datafield>
  <datafield tag="942" ind1=" " ind2=" ">
    <subfield code="c">BK</subfield>
  </datafield>
  <datafield tag="999" ind1=" " ind2=" ">
    <subfield code="c">359550</subfield>
    <subfield code="d">359550</subfield>
  </datafield>
  <datafield tag="952" ind1=" " ind2=" ">
    <subfield code="0">0</subfield>
    <subfield code="1">0</subfield>
    <subfield code="2">ddc</subfield>
    <subfield code="4">0</subfield>
    <subfield code="7">0</subfield>
    <subfield code="a">BTIN</subfield>
    <subfield code="b">BTIN</subfield>
    <subfield code="d">2024-08-28</subfield>
    <subfield code="e">TNA India</subfield>
    <subfield code="g">417.00</subfield>
    <subfield code="i">TNAIDL/24252681</subfield>
    <subfield code="l">4</subfield>
    <subfield code="m">4</subfield>
    <subfield code="o">F 610.73069 TNA B11009 </subfield>
    <subfield code="p">BTIN-BK-11009</subfield>
    <subfield code="r">2026-04-04 14:59:03</subfield>
    <subfield code="s">2025-11-17</subfield>
    <subfield code="t">278.00</subfield>
    <subfield code="v">695.00</subfield>
    <subfield code="w">2024-08-16</subfield>
    <subfield code="y">BK</subfield>
    <subfield code="z">BTIN-BK-11009</subfield>
  </datafield>
</record>
